000 00311nam a2200109Ia 4500
008 230907s9999||||xx |||||||||||||| ||und||
082 _a621.2
_bCAV
245 0 _aCavitation instabilities and rotordynamic effects in turbopumps and hydroturbines :
260 _aSpringer,
_c2017
300 _a282 p.
942 _cBK
999 _c598393
_d598393